| 000 | 01518nab a2200241 i 4500 | ||
|---|---|---|---|
| 001 | 768714001 | ||
| 003 | CO-MdFUSB | ||
| 005 | 20240607110541.0 | ||
| 008 | 240607t1980 ag ||||| |||| 00| 0 spa d | ||
| 040 |
_bspa _cCO-MdFUSB _dCO-MdFUSB |
||
| 041 | _aspa | ||
| 100 |
_aMañón Rossi, Wilfredo, _eautor |
||
| 245 |
_aÉtica y manipulación genética _c/ Wilfredo Mañon Rossi |
||
| 520 | _aNo sabemos si es un atrevimiento de parte nuestra el tratar de caminar por senderos que teólogos, filósofos y científicos difícilmente osan transitar. Dos circunstancias nos impelen a hacerlo: primero, que después de todo estos problemas éticos nos conciernen a todos y quizás de manera particular a los genetistas, como parte interesada del asunto en cuestión. En segundo lugar, que estamos en el deber de compartir con el público latinoamericano nuestra preocupación en torno a acontecimientos en el mundo de la ciencia y más específicamente en el campo de la genética, ya que el avance de esta novísima rama del saber humano plantea acuciantes problemas éticos. | ||
| 650 | 7 |
_aÉtica social. _9186 |
|
| 650 | 7 |
_aBioética _97286 |
|
| 650 | 7 |
_aBioética _xAspectos religiosos _97287 |
|
| 650 | 7 |
_aAntropología cultural y social _96714 |
|
| 650 | 7 |
_aPsicología evolutiva _97220 |
|
| 773 | 0 |
_069974 _982719 _dBuenos Aires _oR2611 _tCerteza _w(CO-MdFUSB)768714001 _gNúmero 76, (enero - marzo, 1980) páginas: 114 - 118 _qpágina: 114 |
|
| 942 | _cANA | ||
| 945 | _aCatherine Arias Álvarez - Practicante SENA | ||
| 999 |
_c70092 _d70092 |
||